000 00720cab a2200205 4500
001 ABS38674
008 090401t1988 xxu||||| |||| 00| 0 eng d
035 _a(Sirsi) u11892
041 _aeng
100 _aBurberry, P.
245 _aCold bridges: construction, calculation
260 _c1988
350 _a0
490 _aArchitects` Journal
_v187(4) 27 January 1988, 59-65(5)
520 _aThe materials and geometry of buildings can create cold bridges . In this article, the author shows how cold bridges are created and suggests solutions to avoid them . Includes worked examples and diagrams.
650 _aHEAT LOSS
690 _aBUILT ENVIRONMENT-CONSTRUCTION DESIGN
942 _n0
948 _c04/03/1997
999 _c7601
_d7601